La acogida al profesorado de nueva incorporación
Guardado en:
| Autor principal: | |
|---|---|
| Formato: | Libro |
| Lenguaje: | español |
| Publicado: |
Barcelona
Graó
2009
|
| Edición: | 1a. ed |
| Colección: | Organización y Gestión Educativa, 260
|
| Materias: | |
| Etiquetas: |
Agregar Etiqueta
Sin Etiquetas, Sea el primero en etiquetar este registro!
|
MARC
| LEADER | 00000cam a2200000 a 4500 | ||
|---|---|---|---|
| 001 | UCG7702 | ||
| 003 | CL-VaPUC | ||
| 008 | 110905e20090500SP |||||||||||||||||spa|d | ||
| 020 | |a 9788478277087 | ||
| 082 | 0 | 4 | |a 371.123 |b TEI |2 21 |
| 100 | 0 | |a Teixidó Saballs, Joan |e author |9 558219 | |
| 245 | 1 | 3 | |a La acogida al profesorado de nueva incorporación |
| 250 | |a 1a. ed | ||
| 300 | |a 198 p | ||
| 942 | |c BK | ||
| 945 | |d 20110905 00:00:00 |a dcastane | ||
| 260 | |a Barcelona |b Graó |c 2009 | ||
| 650 | 7 | |a PROYECTOS EDUCACIONALES |2 CL-VaPUC |9 558220 | |
| 650 | 0 | |a Participación social |9 256140 | |
| 650 | 0 | |a Docentes |9 311365 | |
| 650 | 0 | |a Aspectos sociológicos |9 309271 | |
| 583 | |a last modification |c 20150113 01:23:05 |k Rodrigo Vera | ||
| 490 | 0 | |a Organización y Gestión Educativa, 260 | |
| 999 | |c 345485 |d 345483 | ||
| 952 | |0 0 |1 0 |4 0 |6 371_123000000000000_TEI_2009 |7 0 |8 A |9 444258 |a BIBEDU |b BIBEDU |d 2019-11-22 |i 4790162 |o 371.123 TEI 2009 |p 4790162 |r 2019-11-22 |w 2019-11-22 |y BK |k EPE | ||
| 952 | |0 0 |1 0 |3 erb |4 0 |6 371_123000000000000_TEI_2009 |7 0 |8 A |9 444259 |a BIBEDU |b BIBEDU |i 5035716 |o 371.123 TEI 2009 |p 5035716 |r 2019-11-22 |w 2019-11-22 |y BK |z Catalogado en:20131220 |k EPE | ||